Thermal conversion systems for municipal solid waste
Αποθηκεύτηκε σε:
| Κύριος συγγραφέας: | |
|---|---|
| Μορφή: | Βιβλίο |
| Γλώσσα: | English |
| Δημοσίευση: |
Park Ridge :
Noyes,
c1984
|
| Σειρά: | Pollution technology review ;
; 113 |
| Θέματα: | |
| Ετικέτες: |
Προσθήκη ετικέτας
Δεν υπάρχουν, Καταχωρήστε ετικέτα πρώτοι!
|
MARC
| LEADER | 00000nam a2200000 i 4500 | ||
|---|---|---|---|
| 001 | 1/64998 | ||
| 008 | 931004s eng d | ||
| 020 | |a 0-8155-1001-2 | ||
| 035 | |a ΛΕΣΒΟΣb10001481 |l 10001481 | ||
| 040 | |a GR-MY-UA |b gre |e aacr | ||
| 041 | 0 | |a eng | |
| 082 | 0 | |a 662.8 | |
| 100 | 1 | |a Hickman, H. Lanier. | |
| 245 | 1 | 0 | |a Thermal conversion systems for municipal solid waste / |c H. L. Hickman ... [et al.] |
| 260 | |a Park Ridge : |b Noyes, |c c1984 | ||
| 300 | |a 746 p. | ||
| 490 | 1 | |a Pollution technology review |v ; 113 | |
| 504 | |a Includes bibliographical references and index | ||
| 650 | 0 | 0 | |a Refuse as fuel. |
| 830 | 0 | |a Pollution technology review ; |v ; 113 | |
| 852 | |a INST |b LESVOS |e 19931004 |h 662.8 THE |p 005100006058 |q 005100006058 |t BK |y 0 | ||
| 909 | |a Λ |b 012354 | ||